Expressions: multiple intelligences in the english class
Guardado en:
| Autor principal: | |
|---|---|
| Formato: | Libro |
| Lenguaje: | inglés |
| Publicado: |
Urbana
National Council of Teachers of English
1991
|
| Colección: | Theory and Research Into Practice
|
| Materias: | |
| Etiquetas: |
Agregar Etiqueta
Sin Etiquetas, Sea el primero en etiquetar este registro!
|
MARC
| LEADER | 00000nam a2200000 a 4500 | ||
|---|---|---|---|
| 001 | UCU2897 | ||
| 003 | CL-VaPUC | ||
| 008 | 960429e19910000US |||||||||||||||||eng|d | ||
| 082 | 0 | 4 | |a 808.042 |b SMA |2 21 |
| 100 | 0 | |a Smagorinsky, Peter |e author |9 530600 | |
| 245 | 1 | 0 | |a Expressions: multiple intelligences in the english class |
| 300 | |a 71 p | ||
| 942 | |c BK | ||
| 945 | |d 19960429 00:00:00 |a rbrito | ||
| 260 | |a Urbana |b National Council of Teachers of English |c 1991 | ||
| 650 | 0 | |a Inglés |9 260023 | |
| 650 | 0 | |a Ejercicios de escritura |9 346986 | |
| 650 | 0 | |a Enseñanza del inglés |9 367340 | |
| 650 | 0 | |a Enseñanza de idiomas |9 339820 | |
| 583 | |a last modification |c 20170823 05:12:23 |k Rodrigo Vera | ||
| 490 | 0 | |a Theory and Research Into Practice | |
| 999 | |c 330682 |d 330680 | ||
| 952 | |0 0 |1 0 |4 0 |6 808_042000000000000_SMA_1991 |7 0 |8 A |9 416381 |a BIBEDU |b BIBEDU |d 2019-11-22 |i 3196208 |o 808.042 SMA 1991 |p 3196208 |r 2019-11-22 |w 2019-11-22 |y BK |k LIT | ||